Best Gambling Cities - Statistics

General Stats
  • This quiz has been taken 399 times
    334 since last reset
  • The average score is 6 of 9
Answer Stats
Rank Country City % Correct
2. USA Las Vegas
99%
8. France Paris
82%
5. UK London
81%
1. China Macau
74%
4. Monaco Monte Carlo
69%
3. USA Atlantic City
60%
10. Costa Rica San Jose
56%
7. USA Los Angeles
55%
9. USA Reno
41%
No matching quizzes found
Score Distribution
Percent of People with Each Score
Percentile by Number Answered
Your Score History
You have not taken this quiz since the last reset